Bergwerk- und Probierbüchlein : a translation from the German of the Bergbüchlein, a sixteenth-century book on mining geology /

Bibliographic Details
Main Author: Rülein von Calw, Ulrich, 1465-1523 (Author)
Other Authors: Sisco, Anneliese Grünhaldt, 1900- (Translator), Smith, Cyril Stanley, 1903-1992 (Translator)
Format: Book
Language:English
Published: New York : The American Institute of Mining and Metallurgical Engineers, 1949.
Series:Seeley W. Mudd series.
Subjects:

MARC

Tag First Indicator Second Indicator Subfields
LEADER 00000cam a2200000Ii 4500
001 in00000095335
005 20230724131751.0
008 740422s1949 nyuah b 001 0 eng d
010 |a  49004606  
019 |a 2559827  |a 1051312137 
029 1 |a AU@  |b 000027394073 
029 1 |a AU@  |b 000045196882 
029 1 |a NLGGC  |b 059107146 
029 1 |a CHVBK  |b 150639090 
029 1 |a CHBIS  |b 003335699 
035 |a (OCoLC)ocm00863095  
035 |a (OCoLC)863095  |z (OCoLC)2559827  |z (OCoLC)1051312137 
035 |a (OCoLC)ocm00863095  
040 |a DRB  |b eng  |e rda  |c DRB  |d OCL  |d TOL  |d OCL  |d OCLCQ  |d GZM  |d OCLCG  |d GZM  |d OCLCQ  |d OCLCF  |d OCLCQ  |d OCLCO  |d INU  |d OCLCO 
041 1 |a eng  |h ger 
050 4 |a TN144  |b .B38 
082 0 |a 669 
100 1 |a Rülein von Calw, Ulrich,  |d 1465-1523,  |e author. 
240 1 0 |a Nützlich Bergbüchlein.  |l English 
245 0 0 |a Bergwerk- und Probierbüchlein :  |b a translation from the German of the Bergbüchlein, a sixteenth-century book on mining geology /  |c by Anneliese Grünhaldt Sisco ; and of the Probierbüchlein, a sixteenth-century work on assaying / by Anneliese Grünhaldt Sisco and Cyril Stanley Smith ; with technical annotations and historical notes. 
246 3 0 |a Bergbüchlein 
246 3 0 |a Probierbüchlin 
264 1 |a New York :  |b The American Institute of Mining and Metallurgical Engineers,  |c 1949. 
300 |a 196 pages :  |b illustrations, facsimiles ;  |c 21 cm. 
336 |a text  |b txt  |2 rdacontent 
336 |a still image  |b sti  |2 rdacontent 
337 |a unmediated  |b n  |2 rdamedia 
338 |a volume  |b nc  |2 rdacarrier 
490 1 |a The Seeley W. Mudd series 
500 |a The facsimiles are reproductions of early title pages. 
500 |a The earliest known ed. of the Bergbüchlein has title: Ein nutzlich Bergbuchley. It has been ascribed to Ulrich Rülein Von Kalbe. 
504 |a Includes bibliographical references and index. 
650 0 |a Mineral industries  |v Early works to 1800. 
650 6 |a Mines  |x Industrie  |v Ouvrages avant 1800. 
650 7 |a Mineral industries.  |2 fast  |0 (OCoLC)fst01022218 
655 7 |a Early works.  |2 fast  |0 (OCoLC)fst01411636 
700 1 |a Sisco, Anneliese Grünhaldt,  |d 1900-  |e translator. 
700 1 |a Smith, Cyril Stanley,  |d 1903-1992,  |e translator. 
730 0 2 |a Probierbüchlein.  |l English. 
776 0 8 |i Online version:  |t Bergwerk- und Probierbüchlein.  |d New York, American Institute of Mining and Metallurgical Engineers, 1949  |w (OCoLC)568055435 
830 0 |a Seeley W. Mudd series. 
948 |h HELD BY TXA - 90 OTHER HOLDINGS 
994 |a Z0  |b TXA 
999 f f |s 9f0b03a8-6b7e-37a6-981b-ecf36e204a9c  |i 9d3e0c02-a15c-39ae-b315-204d65e9f1ec  |t 0 
952 f f |p ric  |a Texas A&M University  |b Rellis Campus  |c Joint Library Facility  |d Remote Storage  |t 0  |e TN144 .B38  |h Library of Congress classification  |i unmediated -- volume  |m A14805569535 
998 f f |a TN144 .B38  |t 0  |l Remote Storage